| 000 | 01233nam a22002297a 4500 | ||
|---|---|---|---|
| 999 |
_c59453 _d59453 |
||
| 003 | Ge_BSU | ||
| 005 | 20230221112044.0 | ||
| 008 | 230221s2009ge xxu||||| |||| 00| 0 geo d | ||
| 020 | _a9789414110502 | ||
| 041 | _ageo | ||
| 080 | _a634.8+633/635 ჯ-56 | ||
| 245 |
_aჯიშთმცოდნეობა : _b( ვაზის, ხილ-ბოსტნეულისა და მარცვლოვანი კულტურების) / _cქ.რობაქიძე, ბ.აბაშიძე, ელ.მაღლაკელიძე და სხვ.. რედ. ზ. ტყებუჩავა |
||
| 264 |
_aთბილისი : _bსაქართველოს სახელმწიფო აგრარული უნ-ტი, _c2009. |
||
| 300 |
_a272 გვ .: _b21 სმ. |
||
| 653 | _aჯიშთმცოდნეობა | ||
| 653 | _aმებაღეობა ზოგადად მეხილეობა | ||
| 700 |
_aრობაქიძე, ქ _916988 |
||
| 700 |
_aაბაშიძე, ბ _916989 |
||
| 700 |
_aმაღლაკელიძე, ელ _916990 |
||
| 700 |
_aტყებუჩავა, ზ _eრედაქტორი _916991 |
||
| 942 |
_2udc _cQSR |
||